Movies Quiz

Random Movies or Director Quiz

Top of the Box Office (2011) Quiz Stats

 Plays Quiz Updated Aug 11, 2016

Challenge
Share
Tweet
Embed
Score 0/20 Timer 05:00
0 Plays Today
Gross Movie % Correct
$1,341.5mHarry Potter and the Deathly Hallows Part 2
71.7%
$1,123.8mTransformers: Dark of the Moon
71.6%
$545.4mSherlock Holmes: A Game of Shadows
47%
$712.2mThe Twilight Saga: Breaking Dawn Part 1
44.9%
$694.7mMission: Impossible - Ghost Protocol
43.9%
$586.8mThe Hangover Part II
42.4%
$449.3mThor
40.6%
$370.6mCaptain America: The First Avenger
37.1%
$559.9mCars 2
32.9%
$1,045.7mPirates of the Caribbean: On Stranger Tides
31%
Gross Movie % Correct
$353.6mX-Men: First Class
25.4%
$374.0mThe Adventures of Tintin
24.8%
$626.1mFast Five
24.5%
$665.7mKung Fu Panda 2
19.8%
$555.0mPuss in Boots
13.5%
$481.8mRise of the Planet of the Apes
12.4%
$563.7mThe Smurfs
12.2%
$342.7mAlvin and the Chipmunks: Chipwrecked
11.1%
$484.6mRio
10.4%
$299.3mReal Steel
5.9%

You're not logged in!

Compare scores with friends on all Sporcle quizzes.
Join for Free
OR
Log In

You Might Also Like...

Show Comments

Extras

Top Quizzes Today


Score Distribution

Your Account Isn't Verified!

In order to create a playlist on Sporcle, you need to verify the email address you used during registration. Go to your Sporcle Settings to finish the process.

Report this User

Report this user for behavior that violates our Community Guidelines.

Details: